000 01164cam a2200289 4500
008 011015n2001 000 0 eng u
020 _a1842190792
035 _a(Sirsi) u115107
041 _aeng
050 _a711.58
100 _aBishop, D.
245 _aDelivering affordable housing through the planning system
260 _aLondon
_bRICS
_c2001
300 _a39p.
_c30cm.
520 _aReview of the local operation of planning-based affordable housing policies and practices. Includes glossary of terms, further reading and useful websites. A summary of the report is available on the RICS website at www.rics.org.
650 _aAffordable housing
_96215
650 _aHOUSING AUTHORITIES
650 _aHOUSING FINANCE
650 _aHOUSING POLICIES
650 _aLOCAL AUTHORITIES
650 _aTOWN AND COUNTRY PLANNING ACT 1990 S106
690 _aPlanning and development
_96259
710 _aRoyal Institution of Chartered Surveyors
_bPolicy Unit
_94169
710 _aHousing Corporation
856 _zView the report summary on the RICS website...
942 _n0
999 _c101701
_d101701